| 000 | 00704cab a2200229 4500 | ||
|---|---|---|---|
| 001 | WB3514-15 | ||
| 008 | 090401t1999 xxu||||| |||| 00| 0 eng d | ||
| 035 | _a(Sirsi) u92728 | ||
| 041 | _aeng | ||
| 245 | _aNew risk based system | ||
| 260 | _c1999 | ||
| 350 | _a0 | ||
| 490 |
_aDETR News Release _v(375) 8 April 1999 (2) |
||
| 520 | _aOutlines the key provisions of the proposed new risk based system for inspecting waste disposal and recycling sites. Responses to consultation by 4 June 1999. | ||
| 650 | _aDETR | ||
| 650 | _aRECYCLING SITES | ||
| 650 | _aSITE INSPECTIONS | ||
| 650 | _aWASTE DISPOSAL | ||
| 690 | _aENVIRONMENTAL AND LAND CONSULTANCY | ||
| 942 | _n0 | ||
| 948 | _c14/04/1999 | ||
| 999 |
_c58771 _d58771 |
||